Mystery XI #11 - Statistics

General Stats
  • This quiz has been taken 361 times
  • The average score is 10 of 11
Answer Stats
Answer % Correct
Martin Odegaard
98%
Bukayo Saka
97%
David Raya
97%
Declan Rice
96%
William Saliba
96%
Gabriel Martinelli
95%
Thomas Partey
92%
Jurrien Timber
86%
Mikel Merino
86%
Jakub Kiwior
78%
Myles Lewis-Skelly
77%
No matching quizzes found
Score Distribution
Percent of People with Each Score
Percentile by Number Answered
Your Score History
You have not taken this quiz